[Event "Vlissingen HZ op 10th"]
[Site "Vlissingen"]
[Date "2006.08.06"]
[Round "2"]
[White "Khmelniker, Ilya"]
[Black "Severijnen, Arjon"]
[Result "1-0"]
[WhiteElo "2461"]
[BlackElo "2100"]
[PlyCount "69"]
[EventDate "2006.08.05"]
[EventType "swiss"]
[EventRounds "9"]
[EventCountry "NED"]
[SourceTitle "CBM 113 Extra"]
[Source "ChessBase"]
[SourceDate "2006.09.14"]
[SourceVersion "1"]
[SourceVersionDate "2006.09.14"]
[SourceQuality "1"]

1. d4 Nf6 2. c4 g6 3. Nc3 Bg7 4. e4 d6 5. f4 0-0 6. Nf3 c5 7. d5 e6 8. Be2 exd5 9. cxd5 Bg4 10. 0-0 Nbd7 11. Re1 Re8 12. Bf1 Qa5 13. Bd2 a6 14. Kh1 Qc7 15. a4 b6 16. Bc4 Qb7 17. h3 Bxf3 18. Qxf3 Qc7 19. Rad1 Qd8 20. Be3 Qe7 21. Bg1 Qd8 22. Bh2 Re7 23. e5 Ne8 24. Bg3 Ra7 25. Bh4 f6 26. e6 Nf8 27. f5 g5 28. Bg3 h6 29. Qf1 a5 30. Ne4 Nh7 31. Bb5 Bf8 32. Qf3 Ra8 33. Qh5 Raa7 34. Bxe8 Rxe8 35. Bxd6 1-0

[Event "Champions Challenge 111th"]
[Site "Playchess.com INT"]
[Date "2005.09.10"]
[Round "1.1"]
[White "Erenburg, Sergey"]
[Black "Severijnen, Arjon"]
[Result "1-0"]
[WhiteElo "2595"]
[BlackElo "2260"]
[PlyCount "45"]
[EventDate "2005.09.10"]
[EventType "k.o. (blitz)"]
[EventRounds "5"]
[EventCountry "GER"]
[SourceTitle "EXT 2007"]
[Source "ChessBase"]
[SourceDate "2006.11.23"]
[SourceVersion "1"]
[SourceVersionDate "2006.11.23"]
[SourceQuality "1"]

1. e4 c5 2. Nf3 e6 3. d4 cxd4 4. Nxd4 Nc6 5. Nc3 Bb4 6. Ndb5 Nf6 7. a3 Bxc3+ 8. Nxc3 d5 9. exd5 Nxd5 10. Bd3 Nxc3 11. bxc3 Qf6 12. 0-0 0-0 13. Rb1 e5 14. Be4 Rd8 15. Qh5 g6 16. Bg5 Qe6 17. Qh4 Rd7 18. Rfd1 f5 19. Bd3 Na5 20. Bb5 Rd6 21. Be7 Rd5 22. c4 Rxd1+ 23. Rxd1 1-0